0921-日立市(茨城県)の駅 - Statistics

General Stats
  • This quiz has been taken 21 times
  • The average score is 4 of 5
Answer Stats
Answer % Correct
日立
100%
大甕
81%
常陸多賀
81%
十王
81%
小木津
71%
No matching quizzes found
Score Distribution
Percent of People with Each Score
Percentile by Number Answered
Your Score History
You have not taken this quiz